00858nam a2200229 a 450000100060000000300080000600500170001400800410003103500190007204000270009104100080011808200260012610000550015224501170020726000410032430000270036550000200039265000500041294200120046299900170047495201370049147251BD-RjUL20211209054302.016 s1931 enk b 001 0 eng d a(BD-RjUL)47370 aDLCcHDCdBD-RjULbeng aeng a378.121223bMCG 19311 aMcCallister, W. J.q(William John),d1882-914384514aThe growth of freedom in education :ba critical interpretation of some historical views /cby W. J. McCallister aLondon :bConstable & co. ltd,c1931 axiii, 589 p. ;c23 cm. aIncludes index. aAcademic freedomvEducation xHistory9143846 2ddccBK c47251d47251 00102ddc40708NFICaRUCLbRUCLcStackd2016-08-07eAsia foundationl0o378.121 MCG 1931r2016-08-07 00:00:00tC-2w2016-08-07yBK